ONLINE PUBLIC ACCESS CATALOG(OPAC)

Storytelling with Data (Record no. 64819)

MARC details
000 -LEADER
fixed length control field 00330nam a22001337a 4500
008 - FIXED-LENGTH DATA ELEMENTS--GENERAL INFORMATION
fixed length control field 251216b |||||||| |||| 00| 0 eng d
020 ## - INTERNATIONAL STANDARD BOOK NUMBER
International Standard Book Number 9781119002253
082 ## - DEWEY DECIMAL CLASSIFICATION NUMBER
Classification number 58.40 COL
100 ## - MAIN ENTRY--PERSONAL NAME
Personal name Knaflic, Cole Nussbaumer
245 ## - TITLE STATEMENT
Title Storytelling with Data
260 ## - PUBLICATION, DISTRIBUTION, ETC. (IMPRINT)
Place of publication, distribution, etc New Jersey
Name of publisher, distributor, etc Wiley
Date of publication, distribution, etc 2015
300 ## - PHYSICAL DESCRIPTION
Extent xiii, 267p.
942 ## - ADDED ENTRY ELEMENTS (KOHA)
Item type Books
Holdings
Withdrawn status Lost status Source of classification or shelving scheme Damaged status Not for loan Collection code Home library Current library Shelving location Date acquired Cost, normal purchase price Total Checkouts Full call number Barcode Date last seen Koha item type Public note
    Dewey Decimal Classification     Post Graduation School of Computer Applications School of Computer Applications Bachelor of Computer Applications 16/12/2025 3733.55   006.6 NUS CA1408 16/12/2025 Reference Rack No.R12 Shelf No.13
    Dewey Decimal Classification     Post Graduation School of Computer Applications School of Computer Applications Bachelor of Computer Applications 16/12/2025 3733.55   006.6 NUS CA1409 16/12/2025 Circulation Rack No.C10 Shelf No.15
    Dewey Decimal Classification     Post Graduation School of Computer Applications School of Computer Applications Bachelor of Computer Applications 16/12/2025 3733.55   006.6 NUS CA1410 16/12/2025 Circulation Rack No.C10 Shelf No.15

Powered by Koha